• 首页
  • 本馆介绍
  • 公告通知
  • 最新文献
  • 馆藏检索
  • 电子资源
  • 读者导购
  • 参考咨询
  • 我的图书馆
  • 登录
  • 详细信息显示
  • 放入我的书架
  • 预约/预借图书
  • 作者相关作品
  • 分类相关作品
  • 丛书相关作品
  • 出版社相关作品

书目信息

  • 表格格式
  • 工作单格式
  • 卡片格式
题名:
学龄前儿童心理发展与早期教育
    
 
作者: 林崇德 , 傅安球 编
分册:  
出版信息: 北京   北京出版社  1982
页数: 198页
开本: 19cm
丛书名:
单 册:
中图分类: B844.12 , B84
科图分类:
主题词: 学前儿童-儿童心理学:发展心理学 , 儿童心理学:发展心理学-学前儿童 , 发展心理学:儿童心理学-学前儿童 , 心理学
电子资源:
ISBN:
000 00822nam0 2200289 45
001 1231990797
005 20120929085520.85
010    @dCNY0.50
091    @aCN@b7071.762
100    @a19950704d1982 em y0chiy0121 ea
101 0  @achi
102    @aCN@b110000
105    @ay z 000yy
200 10 @a学龄前儿童心理发展与早期教育@Axue ling qian er tong xin li fa zhan yu zao qi jiao yu@f林崇德,傅安球编
210    @a北京@c北京出版社@d1982
215    @a198页@d19cm
606 0  @a学前儿童-儿童心理学:发展心理学
606 0  @a儿童心理学:发展心理学-学前儿童
606 0  @a发展心理学:儿童心理学-学前儿童
606 0  @a心理学
690    @aB844.12@v3
690    @aB84@v4
701  0 @a林崇德@Alin chong de@4编
701  0 @a傅安球@Afu an qiu@4编
801  0 @aCN@bTSSF
801  2 @aCN@bNLC
905    @a10447@dB84@eJY76
    
    学龄前儿童心理发展与早期教育/林崇德,傅安球编.-北京:北京出版社,1982
    198页;19cm
    
    
    ISBN :CNY0.50
    
●
相关链接 在E读中查询图书 在五车中查询图书 在当当中查询图书 在豆瓣中查询图书


正题名:学龄前儿童心理发展与早期教育     索取号:B84/JY76         预约/预借

序号 登录号 条形码 馆藏地/架位号 状态 备注
1 7830245   278302454   学院路分馆/ [索取号:B84/JY76] 在馆    
2 7830246   278302463   学院路分馆/ [索取号:B84/JY76] 在馆    
唐山师范学院图书馆 欢迎您!
大连网信软件有限公司© 版权所有